000 00296cam a22000977a 4500
008 180718b xxu||||| |||| 00| 0 eng d
100 _aThe World Bank
245 _aSustaining and sharing economic growth in Tanzania
_cedited by Robert J. Utz
260 _aWashington, D.C.
_b
_c
700 _aUtz, Robert J.
999 _c287291
_d287291